| 000 | 00439cam a2200181 4500 | ||
|---|---|---|---|
| 001 | D15681 | ||
| 008 | 090401t1971 xxu||||| |||| 00| 0 eng d | ||
| 035 | _a(Sirsi) u24554 | ||
| 041 | _aeng | ||
| 110 |
_aRoyal Institution of Chartered Surveyors _94900 |
||
| 245 | _aMemorandum on public relations | ||
| 260 |
_bRICS _c1971 |
||
| 300 | _a31p | ||
| 350 | _a0 | ||
| 520 | _aFiled in box 1971/26 ABC | ||
| 942 | _n0 | ||
| 948 | _c04/03/1997 | ||
| 999 |
_c88565 _d88565 |
||